Biblioteca

Creation (Registro nro. 64487)

Detalles MARC
000 -LÍDER
Campo fijo de descripción fija 01205nam a2200349 i 4500
001 - NÚMERO DE CONTROL
Campo de control 768714001
003 - IDENTIFICADOR DEL NÚMERO DE CONTROL
Campo de control CO-MdFUSB
005 - FECHA Y HORA DE LA ULTIMA TRANSACCIÓN
control field 20200527164339.0
007 - CAMPO FIJO DE DESCRIPCIÓN FIJA--INFORMACIÓN GENERAL
Campo fijo de descripción fija ta
008 - ELEMENTOS DE LONGITUD FIJA -- INFORMACIÓN GENERAL
Campo fijo de descripción fija -- Información general 741114s1974 pau 00010 eng u
020 ## - NÚMERO INTERNACIONAL NORMALIZADO PARA LIBROS
Número Internacional Normalizado del libro 0800610725
040 ## - FUENTE DE CATALOGACIÓN
Agencia que realiza la modificación PTS
Agencia de catalogación original CO-MdFUSB
Idioma de catalogación spa
Agencia que realiza la transcripción CO-MdFUSB
Convenciones de la descripción rda
041 1# - CÓDIGO DE IDIOMA
Código de idioma para texto/pista de sonido o título separado eng
Código de idioma original ger
082 ## - NÚMERO DE CLASIFICACIÓN DECIMAL DEWEY
Número de clasificación 233.11
Número de la edición del Dewey 23
Clave de autor-Numero de item W527
100 10 - ASIENTO PRINCIPAL--NOMBRE PERSONAL
Nombre personal Westermann, Claus.
Término relacionador autor
240 10 - TITULO UNIFORME
Título uniforme <a href="Schöpfung.">Schöpfung.</a>
245 10 - TÍTULO
Título del Material Creation
Mención de responsabilidad, etc. / Claus Westermann ; traducido por John J. Scullion.
264 #1 - PRODUCCIÓN, PUBLICACIÓN, DISTRIBUCIÓN, MANUFACTURA, Y COPYRIGHT
Lugar de producción, publicación, distribución, manufactura Philadelphia, USA :
Nombre del productor, publicador, distribuidor Fortress Press,
Fecha de producción, publicación, distribución, manufactura, o copyright [1974]
264 #4 - PRODUCCIÓN, PUBLICACIÓN, DISTRIBUCIÓN, MANUFACTURA, Y COPYRIGHT
Fecha de producción, publicación, distribución, manufactura, o copyright ©1974
300 ## - DESCRIPCIÓN FÍSICA
Extensión 123 páginas ;
Dimensiones 20 cm.
336 ## - TIPO DE CONTENIDO
Fuente rdacontent
Término de tipo de contenido texto
Código de tipo de contenido txt
337 ## - TIPO DE MEDIO
Fuente rdamedia
Nombre del tipo de medio sin mediación
Código del tipo de medio n
338 ## - TIPO DE SOPORTE
Fuente rdacarrier
Nombre del tipo de soporte volumen
Código Tipo de soporte nc
505 ## - NOTA DE CONTENIDO
Nota de contenido con formato preestablecido Agradecimientos -- Prefacio del traductor -- Prefacio del autor -- Introducción -- 1. Evento primordial -- La creación del mundo y la creación del hombre -- La creación y limites del hombre en Génesis 2-3 -- La ofensa -- Creación y redención
563 ## - NOTA DE ENCUADERNACIÓN
Nota de encuadernación Rùstico
630 07 - TITULO UNIFORME
Título uniforme Biblia.
650 #7 - ASIENTO SECUNDARIO DE MATERIA - TERMINO TEMÁTICO
Término temático o nombre geográfico como elemento de entrada Creación
9 (RLIN) 251
700 ## - ASIENTO SECUNDARIO - NOMBRE PERSONAL
Nombre personal Scullion, John J.
Responsabilidad traductor
942 ## - TIPO DE MATERIAL (KOHA)
Tipo de Item KOHA Libros General
945 ## - INFORMACIÓN LOCAL DEL REGISTRO
Catalogador JTF-925
Existencias
Estado de Material Estado de Perdido Forma de Clasificación Estado de Dañado No para Préstamo Biblioteca de Origen Biblioteca Permanente Fecha de Adquisición Área Total de Préstamos Signatura Topográfica Código de Barras Última vez visto Ejemplar/Existencia Fecha de Remplazo Tipo de Material
    Dewey Decimal Classification     Biblioteca FUSBC Biblioteca FUSBC 27/05/2020 TEOLOGÍA CRISTIANA   G 233.11 W527c 2730 12/12/2019 Ej. 1 04/09/2018 Libros General

Biblioteca FUSBC | Teléfono: (57+4) 349 88 10 Ext. 141| WhatsApp (+57) 3005338115 
E-mail: biblioteca@unisbc.edu.co | Calle 76 87-14 Robledo Palenque, Medellín, Colombia

Con tecnología Koha